00381nam a2200157Ia 4500008004100000020001500041082001500056100002200071245002100093250000800114260003200122300001300154500002400167650001200191700002000203230524s9999 xx 000 0 und d a8126505788 a4.133bKLE aNicholas A.Solter 0aProfessional C++ aIST aNEW DELHIbJohn Wileyc2008 aXVII;813 aQuantity Number: 2 aComp-Sc a Scott J.Kleper